<?xml version="1.0" encoding="UTF-8"?>
<record
    xmlns:xsi="http://www.w3.org/2001/XMLSchema-instance"
    xsi:schemaLocation="http://www.loc.gov/MARC21/slim http://www.loc.gov/standards/marcxml/schema/MARC21slim.xsd"
    xmlns="http://www.loc.gov/MARC21/slim">

  <leader>01360nam a22002057a 4500</leader>
  <controlfield tag="008">120912t        xxu||||| |||| 00| 0 eng d</controlfield>
  <datafield tag="020" ind1=" " ind2=" ">
    <subfield code="a">0072872047</subfield>
  </datafield>
  <datafield tag="050" ind1=" " ind2=" ">
    <subfield code="a">PE1408.W931</subfield>
  </datafield>
  <datafield tag="100" ind1=" " ind2=" ">
    <subfield code="a">Ebest,Sally Barr</subfield>
  </datafield>
  <datafield tag="245" ind1=" " ind2=" ">
    <subfield code="a">Writing from A-Z: The easy-to-use reference handbook. /</subfield>
    <subfield code="c">Sally Barr Ebest</subfield>
  </datafield>
  <datafield tag="250" ind1=" " ind2=" ">
    <subfield code="a">4th ed.</subfield>
  </datafield>
  <datafield tag="260" ind1=" " ind2=" ">
    <subfield code="a">New York:</subfield>
    <subfield code="b">McGraw-Hill,</subfield>
    <subfield code="c">2003.</subfield>
  </datafield>
  <datafield tag="300" ind1=" " ind2=" ">
    <subfield code="a">xiv, 517 p:</subfield>
    <subfield code="b">ill,;</subfield>
    <subfield code="c">22cm.</subfield>
  </datafield>
  <datafield tag="500" ind1=" " ind2=" ">
    <subfield code="a">Includes index.</subfield>
  </datafield>
  <datafield tag="505" ind1=" " ind2=" ">
    <subfield code="a">Contents: Overview of composing processes -- Assessing the rhetorical situation: Occasion -- Audience -- Topic --Purpose -- Elements of the rhetorical situation -- Prewriting: Tips for prewriting on the computer -- Development strategies -- Journalists' questions -- Burke's pentad -- Methods of development -- Organization -- The Thesis -- Drafting: Tips for drafting on the computer -- Revising: Large-scale concerns -- Small-scale concerns -- Tips for revising on the computer -- Getting feedback -- General guidelines for peer response -- Peer response guidelines for specific kinds of writing -- Editing: Sentence structure -- Word choice -- Clarity and conciseness -- Documentation -- Mechanics -- Tips for editing on the computer --  Tips for proofreading -- Checklist for composing.</subfield>
  </datafield>
  <datafield tag="700" ind1=" " ind2=" ">
    <subfield code="a">Alred, Gerald J.</subfield>
  </datafield>
  <datafield tag="700" ind1=" " ind2=" ">
    <subfield code="a">Brusaw, charles T.</subfield>
  </datafield>
  <datafield tag="700" ind1=" " ind2=" ">
    <subfield code="a">Oliu, Walter E.</subfield>
  </datafield>
  <datafield tag="942" ind1=" " ind2=" ">
    <subfield code="2">lcc</subfield>
    <subfield code="c">BK</subfield>
  </datafield>
  <datafield tag="999" ind1=" " ind2=" ">
    <subfield code="c">2325</subfield>
    <subfield code="d">9825</subfield>
  </datafield>
  <datafield tag="952" ind1=" " ind2=" ">
    <subfield code="0">0</subfield>
    <subfield code="1">0</subfield>
    <subfield code="2">lcc</subfield>
    <subfield code="4">0</subfield>
    <subfield code="7">0</subfield>
    <subfield code="a">WIUC-1</subfield>
    <subfield code="b">WIUC-1</subfield>
    <subfield code="c">GEN</subfield>
    <subfield code="d">2012-09-12</subfield>
    <subfield code="l">0</subfield>
    <subfield code="o">PE1408.W931</subfield>
    <subfield code="p">4481/12</subfield>
    <subfield code="r">2012-09-12 00:00:00</subfield>
    <subfield code="t">1</subfield>
    <subfield code="w">2012-09-12</subfield>
    <subfield code="y">BK</subfield>
  </datafield>
  <datafield tag="952" ind1=" " ind2=" ">
    <subfield code="0">0</subfield>
    <subfield code="1">0</subfield>
    <subfield code="2">lcc</subfield>
    <subfield code="4">0</subfield>
    <subfield code="7">0</subfield>
    <subfield code="a">WIUC-1</subfield>
    <subfield code="b">WIUC-1</subfield>
    <subfield code="c">GEN</subfield>
    <subfield code="d">2012-09-12</subfield>
    <subfield code="l">0</subfield>
    <subfield code="o">PE1408.W933</subfield>
    <subfield code="p">4482/12</subfield>
    <subfield code="r">2012-09-12 00:00:00</subfield>
    <subfield code="t">2</subfield>
    <subfield code="w">2012-09-12</subfield>
    <subfield code="y">BK</subfield>
  </datafield>
  <datafield tag="952" ind1=" " ind2=" ">
    <subfield code="0">0</subfield>
    <subfield code="1">0</subfield>
    <subfield code="2">lcc</subfield>
    <subfield code="4">0</subfield>
    <subfield code="7">0</subfield>
    <subfield code="a">WIUC-1</subfield>
    <subfield code="b">WIUC-1</subfield>
    <subfield code="c">GEN</subfield>
    <subfield code="d">2012-09-12</subfield>
    <subfield code="l">0</subfield>
    <subfield code="o">PE1408.W934</subfield>
    <subfield code="p">4483/12</subfield>
    <subfield code="r">2012-09-12 00:00:00</subfield>
    <subfield code="t">3</subfield>
    <subfield code="w">2012-09-12</subfield>
    <subfield code="y">BK</subfield>
  </datafield>
</record>
